00503 2200193 4500245006400000020002200064250001100086100001800097700001800115700002300133650002400156650001600180005001900196260003300215041001400248084001100262300002700273336000900300 aManajemen Pemasaran di Era GlobalisasicHadion WijoyohText a978-623-6504-49-9 aCet. 1 aHadion Wijoyo aDenok Sunarsi aAnoesyirwan Moeins aManajemen Pemasaran aGlobalisasi a20230414131904 aBanyumasbPena Persadac2020 aIndonesia a658.81 avi, 116 hlm. :c20 cm. atext